000 00988cad a22002295a 4500
001 L153662
008 110815s2011 xxk f 000 0 eng d
035 _a(Sirsi) u153662
041 0 _aeng
050 0 4 _a346.41043 $2 18
110 2 _aUnited Kingdom
_bLand Registry
_94774
245 0 0 _aDevolution on the death of a registered proprietor
_h[electronic resource]
260 _a[S.l]
_bLand Registry
_c2011
490 _aLand Registry Practice Guide
_v(6)
520 _aDeals with applications to Land Registry associated with the death of a joint, sole or last surviving proprietor of a registered estate, a charge or mortgage.
590 _aKA
650 2 4 _aLAND REGISTRATION ACT 2002
651 4 _aEngland and Wales
_y1543-
690 _aPROPERTY-PROPERTY ACQUISITION AND DISPOSAL-REGISTRATION OF TITLE TO PROPERTY-LAND REGISTRATION
856 4 0 _uhttps://www1.landregistry.gov.uk/upload/documents/pg6.html
_zView this document free of charge at www.landreg.gov.uk
942 _n0
999 _c112637
_d112637